NCAA Divison I Wildcats - Statistics

General Stats
  • This quiz has been taken 150 times
  • The average score is 4 of 10
Answer Stats
Wildcat School % Correct
Kentucky
83%
Arizona
73%
Kansas State
50%
Northwestern
50%
Villanova
47%
Davidson
23%
Weber State
21%
Abilene Christian
17%
New Hampshire
17%
Bethune-Cookman
9%
No matching quizzes found
Score Distribution
Percent of People with Each Score
Percentile by Number Answered
Your Score History
You have not taken this quiz